Fundamentals of information technology (Record no. 8068)

MARC details
000 -LEADER
fixed length control field 00309nam a2200121Ia 4500
008 - FIXED-LENGTH DATA ELEMENTS--GENERAL INFORMATION
fixed length control field 191201s1999 xx 000 0 und d
100 ## - MAIN ENTRY--PERSONAL NAME
Personal name LEON, Alexis
245 #0 - TITLE STATEMENT
Title Fundamentals of information technology
250 ## - EDITION STATEMENT
Edition statement 2nd
260 ## - PUBLICATION, DISTRIBUTION, ETC. (IMPRINT)
Date of publication, distribution, etc 1999
Name of publisher, distributor, etc Leon Press Chennai
Place of publication, distribution, etc NEW DELHI
300 ## - PHYSICAL DESCRIPTION
Extent 578
942 ## - ADDED ENTRY ELEMENTS (KOHA)
Source of classification or shelving scheme Dewey Decimal Classification
Koha item type Text Books
942 ## - ADDED ENTRY ELEMENTS (KOHA)
-- 1
Holdings
Withdrawn status Lost status Source of classification or shelving scheme Damaged status Not for loan Collection code Home library Current library Date acquired Source of acquisition Cost, normal purchase price Bill Number Total Checkouts Full call number Acc. no. / Barcode Date last seen Bill Date Koha item type Date last borrowed
    Dewey Decimal Classification     Diploma in Mechanical PIET C-LIBRARY PIET C-LIBRARY 14/07/2012 IBH, New Delhi 360.00 5733   004 LEF DE325 04/12/2019 14/07/2012 Text Books  
    Dewey Decimal Classification     Diploma in Mechanical PIET C-LIBRARY PIET C-LIBRARY 14/07/2012 IBH, New Delhi 360.00 5733   004 LEF DE326 04/12/2019 14/07/2012 Text Books  
    Dewey Decimal Classification     Diploma in Mechanical PIET C-LIBRARY PIET C-LIBRARY 14/07/2012 IBH, New Delhi 360.00 5733 1 004 LEF DE327 14/10/2021 14/07/2012 Text Books 13/10/2021
    Dewey Decimal Classification     Diploma in Mechanical PIET C-LIBRARY PIET C-LIBRARY 14/07/2012 IBH, New Delhi 360.00 5733   004 LEF DE328 04/12/2019 14/07/2012 Text Books  
    Dewey Decimal Classification     Diploma in Mechanical PIET C-LIBRARY PIET C-LIBRARY 14/07/2012 IBH, New Delhi 360.00 5733   004 LEF DE329 04/12/2019 14/07/2012 Text Books  
    Dewey Decimal Classification     Diploma in Mechanical PIET C-LIBRARY PIET C-LIBRARY 14/07/2012 IBH, New Delhi 360.00 5733   004 LEF DE330 04/12/2019 14/07/2012 Text Books  

Design & Developed by: PIET Central Library
R70 Miles Stone Pattikalyana Samalkha Panipat 132102
mail ID :- [email protected], Phone No:- 0180-2569700 Ex.216